|
|
|
|
| LEADER |
01210nam a2200277 u 4500 |
| 001 |
10027033 |
| 003 |
upatras |
| 005 |
20231116083542.0 |
| 008 |
960112s1972 ne eng |
| 020 |
|
|
|a 9027702268
|q (Πανόδετο)
|
| 040 |
|
|
|a GR-PaULI
|c GR-PaULI
|
| 041 |
0 |
|
|a eng
|
| 050 |
|
4 |
|a 70-179894
|
| 245 |
1 |
0 |
|a Infrared detection techniques for space research
|b Proceedings of the 5th ESLAB/ESRIN Symposium held in Noordwijk, The Netherlands, June 8-11, 1971
|c Edited by V. Manno and J. Ring
|
| 260 |
|
|
|a Dordrecht
|b D. Reidel Publishing Company
|c 1972
|
| 300 |
|
|
|a xi, 344 p.
|b fig., tab.
|
| 490 |
0 |
|
|a Astrophysics and space science library
|v v.30
|
| 505 |
1 |
|
|a includes references
|
| 650 |
|
4 |
|a Αστροφυσική
|9 125
|
| 700 |
1 |
|
|a Νανούσης, Νανούσης Δ.
|9 200883
|
| 700 |
1 |
|
|a Νανούσης, Νανούσης Δ.
|9 200883
|
| 760 |
1 |
|
|a Astrophysics and space science library
|g v.30
|
| 852 |
|
|
|a GR-PaULI
|b ΠΑΤΡΑ
|b ΦΥΣΙΚΟ
|k ΑΕΧ-1
|h 523 MAN
|m 02657
|p 025000021810
|t 1
|
| 942 |
|
|
|2 ddc
|c BK15
|
| 952 |
|
|
|0 0
|1 0
|4 0
|6 523_000000000000000_MAN
|7 0
|9 197424
|a PHYS
|b PHYS
|d 2016-04-24
|i 02657
|l 0
|o 523 MAN
|p 025000021810
|r 2016-04-24 00:00:00
|t 1
|w 2016-04-24
|y BK15
|
| 999 |
|
|
|c 121224
|d 121224
|